| 000 | 00649nam a22001697a 4500 | ||
|---|---|---|---|
| 003 | MACL | ||
| 005 | 20160716153411.0 | ||
| 008 | 160716b xxu||||| |||| 00| 0 eng d | ||
| 040 | _cMACL | ||
| 041 | _aHindi | ||
| 082 | _a001 PAN | ||
| 100 |
_aपाण्डेय, आनंद कुमार _964545 |
||
| 245 |
_aमध्यप्रदेश सामान्य ज्ञान सन्दर्भ _cआनंद कुमार पाण्डेय |
||
| 260 |
_aभोपाल _bदीपाली प्रिंटर्स _c2015 |
||
| 650 |
_aसामान्य ज्ञान _9328 |
||
| 942 |
_2ddc _cHIN |
||
| 999 |
_c54316 _d54316 |
||